Grand Slam Sieger (Länder) HerreneinzelTennis - Statistiken

Allgemein
  • Dieses Quiz wurde 111 mal gespielt
  • Das Durchschnittsergebnis liegt bei 19 aus 25
Antwortstatistiken
Hint Antwort % Korrekt
10 Deutschland
98%
32 Spanien
97%
146 Vereinigte Staaten
97%
23 Schweiz
95%
49 Frankreich
92%
99 Australien
91%
2 Österreich
89%
26 Schweden
89%
20 Serbien
88%
3 Brasilien
87%
5 Russland
87%
3 Italien
86%
6 Argentinien
83%
48 Großbritannien
77%
12 Tschechien
77%
2 Kroatien
76%
1 Niederlande
76%
1 Mexiko
69%
6 Neuseeland
61%
2 Rumänien
58%
2 Südafrika
52%
1 Ungarn
48%
3 Irland
42%
3 Ägypten
24%
1 Ecuador
19%
Keine übereinstimmenden Quizze gefunden
Verteilung der Resultate
Anzahl Personen mit jedem Resultat
Perzentil nach korrekt beantworteten Fragen
Ihre Resultats-Entwicklung
Sie haben dieses Quiz noch nicht gespielt